000 00306nam a2200121Ia 4500
008 220204s9999 xx 000 0 und d
082 _a657(076.2)
_bSHU
100 _aGrewal
245 0 _aSolutions to problems in advanced accounts. V 2
260 _aDelhi
_bS Chand
_c1974
700 _aShukla
942 _cBK
999 _c23091
_d23091